000 00685nam a2200205 a 4500
001 000371832
003 AM-YeHGA
005 20250618072258.0
008 041021s1910 ai 000 | arm d
040 _aAM-YeHGA
041 1 _aarm
100 1 _aԱմիչիս, Էդմօնդօ դէ
245 1 0 _aՀիւանդապահ որդին /
_cԷդմօնդօ դէ Ամիչիս; Թարգմ.՝ Բիւրեղ.
260 _aԹիֆլիս :
_bտպ. "Կուլտուրա" ընկ.,
_c1910.
300 _a16 էջ :
_bնկ. ;
_c19 սմ.
440 0 _aԱղբիւր-Տարազի հրատ
_v№ 77
650 1 4 _aԻտալական գրականություն
_x
_98458
942 _2udc
_cBK
090 _c143452
999 _c142072
_d142072